| 000 | 01128pam a2200301 a 4500 | ||
|---|---|---|---|
| 001 | 4506638 | ||
| 003 | OSt | ||
| 005 | 20160810110635.0 | ||
| 008 | 980422s1998 ilua b 001 0 eng | ||
| 010 | _a 98022953 | ||
| 020 | _a0880116951 | ||
| 040 |
_aDLC _cDLC _dDLC |
||
| 050 | 0 | 0 |
_aGV837.4 _b.L47 1998 |
| 082 | 0 | 0 |
_a797.2/1/087 _221 |
| 100 | 1 |
_aLepore, Monica, _d1956- |
|
| 245 | 1 | 0 |
_aAdapted aquatics programming : _ba professional guide / _cMonica Lepore, G. William Gayle, Shawn F. Stevens. |
| 260 |
_aChampaign, IL : _bHuman Kinetics, _cc1998. |
||
| 300 |
_axiv, 314 p. : _bill. ; _c29 cm. |
||
| 504 | _aIncludes bibliographical references (p. 298-306) and index. | ||
| 650 | 0 | _aSwimming for people with disabilities. | |
| 650 | 0 |
_aAquatic exercises _xTherapeutic use. |
|
| 650 | 0 |
_aPeople with disabilities _xRehabilitation. |
|
| 700 | 1 | _aGayle, G. William. | |
| 700 | 1 |
_aStevens, Shawn F., _d1956- |
|
| 906 |
_a7 _bcbc _corignew _d1 _eocip _f19 _gy-gencatlg |
||
| 942 |
_2lcc _cBOOKS |
||
| 999 |
_c13238 _d13238 |
||